Aproximaciones a la técnica
Salvato in:
| Autore principale: | |
|---|---|
| Natura: | Libro |
| Lingua: | spagnolo |
| Pubblicazione: |
Santiago
Universitaria
1972
|
| Edizione: | 1a. ed |
| Serie: | El Mundo de la Ciencia
|
| Soggetti: | |
| Tags: |
Aggiungi Tag
Nessun Tag, puoi essere il primo ad aggiungerne!!
|
MARC
| LEADER | 00000cam a2200000 a 4500 | ||
|---|---|---|---|
| 001 | UCU0133 | ||
| 003 | CL-VaPUC | ||
| 008 | 960315e19720000CL |||||||||||||||||spa|d | ||
| 082 | 0 | 4 | |a 500.8 |b AUZ |2 21 |
| 100 | |a Auzias, Jean-Marie |e author |9 333277 | ||
| 245 | 1 | 0 | |a Aproximaciones a la técnica |
| 250 | |a 1a. ed | ||
| 300 | |a 159 p | ||
| 942 | |c BK | ||
| 945 | |d 19960315 00:00:00 |a paguirre | ||
| 260 | |a Santiago |b Universitaria |c 1972 | ||
| 650 | 0 | |a Tecnología |9 256742 | |
| 650 | 0 | |a Cibernética |9 270269 | |
| 650 | 0 | |a Historia de las ciencias |9 264975 | |
| 650 | 0 | |a Ciencia y tecnología |9 260585 | |
| 583 | |a last modification |c 20160914 10:23:44 |k Rodrigo Vera | ||
| 490 | 0 | |a El Mundo de la Ciencia | |
| 999 | |c 245077 |d 245075 | ||
| 952 | |0 0 |1 0 |4 0 |6 500_800000000000000_AUZ_1972 |7 0 |8 P |9 259452 |a BIBEDU |b BIBEDU |c BIBEDU_PB |d 2019-11-19 |i 1631667 |o 500.8 AUZ 1972 |p 1631667 |r 2024-01-25 |w 2019-11-19 |y BK |k EDU | ||
| 952 | |0 0 |1 0 |4 0 |6 500_800000000000000_AUZ_1972 |7 0 |8 A |9 259453 |a BIBHIS |b BIBHIS |d 2019-11-19 |i 3350533 |o 500.8 AUZ 1972 |p 3350533 |r 2025-01-20 |w 2019-11-19 |y BK |k HIS | ||
| 952 | |0 0 |1 0 |3 erb |4 0 |6 500_800000000000000_AUZ_1972 |7 0 |8 A |9 259454 |a BIBART |b BIBART |d 2019-11-19 |i 5005752 |o 500.8 AUZ 1972 |p 5005752 |r 2025-03-13 |w 2019-11-19 |y BK |z Catalogado en:20131004 |k ART | ||